[Event "Bangkok op 14th"]
[Site "Bangkok"]
[Date "2014.04.19"]
[Round "9"]
[White "Atalik, Suat"]
[Black "Laylo, Darwin"]
[Result "1/2-1/2"]
[WhiteElo "2562"]
[BlackElo "2515"]
[Annotator "Atalik,S"]
[PlyCount "80"]
[EventDate "2014.04.12"]
[EventType "swiss"]
[EventRounds "9"]
[EventCountry "THA"]
[SourceTitle "CBM 161"]
[Source "ChessBase"]
[SourceDate "2014.07.16"]
[SourceVersion "1"]
[SourceVersionDate "2014.07.16"]
[SourceQuality "1"]

1. d4 Nf6 2. c4 c6 3. Nc3 d5 4. Nf3 (4. e3 g6 5. Nf3 Bg7 {is the real
Schlechter Slav.}) 4... g6 {A strange version of the Schlechter Slav.} 5. cxd5
{Since Black's bishop is deployed by a fianchetto this exchange is justified.}
cxd5 6. Bf4 (6. Bg5 Ne4 7. Bh4 Bg7 8. e3 Nxc3 9. bxc3 O-O 10. c4 Nc6 11. cxd5
Qxd5 12. Be2 e5 13. dxe5 Qa5+ 14. Qd2 Qxd2+ 15. Kxd2 Nxe5 16. Nd4 Nc6 17. Nxc6
bxc6 18. Rac1 Rb8 $40 {does not scare Black.}) 6... Bg7 7. e3 O-O 8. Bd3 {
If I had known what would have happened, I could have gone} ({for} 8. Be2 $142
Nc6 9. h3 (9. O-O $6 Nh5 10. Bg5 h6 11. Bh4 g5 12. Bg3 Nxg3 13. hxg3 e6 14. Ne1
e5 $1) (9. Ne5 Qb6 10. a3 $14) 9... Ne4 10. Rc1 $14) 8... Nc6 9. h3 (9. h4 $5
Bg4 {may sometimes come from the modern h4-line in the Grünfeld answered by c6.
}) 9... Nd7 $1 {It was only during this game that I became aware of the
existence of this excellent pawn sac.} (9... Bf5 $2 10. Bxf5 gxf5 11. g4 $16)
10. O-O ({I did not like the looks of} 10. Nxd5 Qa5+ (10... e5 11. dxe5 Ndxe5
$44) 11. Nc3 e5 12. dxe5 Ndxe5 13. Nxe5 Nxe5 14. Be2 Be6 15. O-O Nc4 $44) (10.
Be2 e5 (10... Nb6 11. O-O) 11. dxe5 Ndxe5 12. Qxd5 Nxf3+ 13. Bxf3 Qb6 $44)
10... e5 11. dxe5 Ndxe5 12. Be2 $6 {The real mistake should be spotted around
here.} (12. Nxe5 Nxe5 13. Be2 Be6 14. Nb5 $1 $14) 12... Nxf3+ $1 ({No second
chance for} 12... Be6 13. Nxe5 Nxe5) 13. Bxf3 d4 14. exd4 (14. Nd5 dxe3 15.
Bxe3 Bxb2 16. Rb1 Bg7 17. Qa4 $44) 14... Nxd4 $1 (14... Qxd4 15. Qxd4 Nxd4 16.
Bd5 $14) 15. Be4 $5 {A strange decision!} (15. Bd5 Bf5 $5 {is similar to the
game continuation.} (15... Qb6 16. Be3 Rd8 {was the real reason why I did not
choose this obvious line.})) 15... Bf5 $5 {It is not everyday that I have been
shocked over the chess board by my opponent's moves; this time I was shocked
by my own ones.} (15... Qa5 16. Re1 Bf5 17. Qd3 $13) (15... Qb6 16. Be3 Be6 17.
Qa4 $13 {does not satisfy either.}) 16. Bxf5 {I was scared to win the pawn and
exchange after a prolonged thought.} (16. Bxb7 Rb8 17. Bxb8 Qxb8 18. Ba6 (18.
Be4 Qxb2 19. Bxf5 Nxf5 20. Ne4 $11 (20. g4 $2 Qxc3 21. Rc1 Qxh3 22. gxf5 Be5
$19)) 18... Rd8 19. Qc1 Be5 $44 (19... Nc2 20. Rb1 Nb4 21. Bc4 Bxb1 22. Qxb1
Qf4 23. Bb3 Be5 24. g3 Qf3 $44)) 16... Nxf5 17. Rc1 Qxd1 (17... Qb6 18. Rc2 $13
) 18. Rfxd1 Rfd8 19. b3 Rxd1+ 20. Nxd1 Nd4 21. Kf1 Nc6 22. Ne3 a5 $1 {Another
tactical solution to the little problems Black had.} 23. g3 $5 (23. Nc4 a4 24.
Nd6 axb3 25. axb3 Nd4 26. b4 Ne6 27. Be3 Bf8 $11) 23... a4 24. bxa4 (24. Nc4
axb3 25. axb3 Bf8 $11) 24... Rxa4 25. Rb1 Rxa2 (25... Rb4 26. Rxb4 Nxb4 27. a4
f5 $11) 26. Rxb7 Ra8 27. Ng4 h5 28. Nh6+ Bxh6 29. Bxh6 Nd8 $11 {Nothing is
left.} 30. Rb5 Ne6 31. Be3 Rc8 32. Kg2 Rc4 33. Rd5 Kg7 34. Kf3 Kf6 35. g4 hxg4+
36. hxg4 g5 37. Rf5+ Kg6 38. Re5 Ra4 39. Kg3 Rc4 40. Ra5 Rb4 1/2-1/2

[Event "GRE-chT 32nd"]
[Site "Kallithea"]
[Date "2003.07.04"]
[Round "1"]
[White "Atalik, Suat"]
[Black "Gustafsson, Jan"]
[Result "1/2-1/2"]
[WhiteElo "2599"]
[BlackElo "2570"]
[Annotator "Atalik,S"]
[PlyCount "83"]
[EventDate "2003.07.04"]
[EventType "team-tourn"]
[EventRounds "9"]
[EventCountry "GRE"]
[SourceTitle "CBM 095 Extra"]
[Source "ChessBase"]
[SourceDate "2003.09.04"]
[SourceVersion "1"]
[SourceVersionDate "2003.09.04"]
[SourceQuality "1"]

1. d4 Nf6 2. c4 g6 3. Nc3 d5 {My Bundesliga teammate and future trainee Jan
goes for Gruenfeld Defence as I have expected. Since the pairings for the
preliminary rounds were made in advance I had time to prepare something
against this.} 4. Nf3 Bg7 5. Qa4+ $5 {A side line.} Bd7 6. Qb3 dxc4 7. Qxc4 O-O
8. e4 b5 $1 {This has the reputation of being an immediate equalizer.} (8...
Na6 9. e5 Ne8 10. Be2 c6 $14) 9. Nxb5 Nxe4 10. Qxc7 Nc6 11. Bd3 $1 Nb4 12. Bxe4
Bxb5 13. Qxd8 Raxd8 14. Bd2 Nd3+ 15. Bxd3 Bxd3 16. Bc3 Be4 17. Ke2 $1 $146 {
This poses more problems than defending the pawn for black.} (17. Rd1 Bxf3 18.
gxf3 Rd5 19. Ke2 Rfd8 20. Rd2 e6 21. Rhd1 Rh5 $11 {Giorgadze-Stohl,Senec 1998.}
) 17... Bxf3+ 18. Kxf3 Bxd4 19. Bxd4 Rxd4 20. Rhd1 $14 {White is obviously
better in the coming endgame but black seems to have enough ressources.} Rb4 $1
{First black has to gain sometime by avoiding rooks exchange.} 21. b3 a5 (21...
Rb7 22. Rac1 $14) 22. Ke3 (22. Rac1 a4 23. Rc4 Rfb8 24. Rdd4 Rxc4 25. bxc4 Rb2
26. c5 Rc2 $1 (26... Rxa2 $1 27. Rc4) 27. Rxa4 Rxc5 $11) 22... e5 23. Rac1 a4
24. Rc4 Rfb8 25. Rxb4 Rxb4 26. bxa4 Rxa4 27. Ra1 {Rook behind the passer is
the maxim, but in this case I need a lot of time to kick blacks rook out of
its post by my king.} f5 28. Kd3 Kf7 29. Kc3 Ke6 30. Kb3 Ra6 31. a4 e4 32. a5
f4 33. Kc4 Ke5 34. Ra4 g5 35. Kb5 Ra8 36. a6 Kd5 {Black could have immediately
equalize.} (36... e3 37. f3 Kd5 38. Kb6 e2 39. Re4 Rb8+ 40. Kc7 Rb2 41. a7 Ra2
42. Kb7 Rb2+ $11) 37. Kb6 e3 38. f3 Rb8+ 39. Kc7 Ra8 $6 ({Once again} 39... e2
40. Re4 (40. Kxb8 e1=Q 41. a7 Qe8+) 40... Rb2 41. a7 Rc2+ $11) 40. Kb6 $2 {
Giving up the fight way too early!} (40. Kb7 Re8 41. a7 e2 42. Re4 Rxe4 43.
fxe4+ Kd4 44. a8=Q e1=Q 45. Qd8+ Ke3 46. e5 Kf2 $1 47. Qxg5 Qe4+ 48. Kc7 h6 $1
49. Qg7 Qxg2 50. Qxh6 f3 51. e6 Kg1 52. Qc1+ Kxh2 53. e7 Qg3+ 54. Kd7 Qg4+ 55.
Kd8 Qd4+ $11) 40... Rb8+ 41. Kc7 Ra8 42. Kb6 $11 1/2-1/2

[Event "EU-ch 7th"]
[Site "Kusadasi"]
[Date "2006.04.06"]
[Round "3"]
[White "Atalik, Suat"]
[Black "Baramidze, David"]
[Result "1-0"]
[WhiteElo "2632"]
[BlackElo "2545"]
[Annotator "Atalik,S"]
[PlyCount "55"]
[EventDate "2006.04.04"]
[EventType "swiss"]
[EventRounds "13"]
[EventCountry "TUR"]
[SourceTitle "CBM 111 Extra"]
[Source "ChessBase"]
[SourceDate "2006.05.09"]
[SourceVersion "1"]
[SourceVersionDate "2006.05.09"]
[SourceQuality "1"]

1. d4 Nf6 2. c4 g6 3. Nc3 d5 4. cxd5 Nxd5 5. Bd2 $5 {This funny move became
popular these days.} Bg7 6. e4 Nb6 ({There is nothing wrong even with} 6...
Nxc3 7. Bxc3 O-O $11) 7. Be3 O-O 8. Be2 Nc6 9. Nf3 Bg4 10. d5 Bxf3 11. gxf3 Ne5
$6 (11... Na5 $1 12. Bd4 Qd6 13. Bxg7 Kxg7 14. Rc1 Qf6 15. b3 c6 16. Qd2 cxd5
17. exd5 $13) 12. Qb3 Qd7 $4 {A terrible move.} (12... c6 13. O-O-O $14 (13. f4
Ned7 14. dxc6 (14. e5 $2 cxd5 15. Nxd5 Nc5) 14... bxc6 15. e5 $14)) 13. h3 $1
$18 {Ne5 is a liabilityin black's position.} Qc8 14. f4 Ned7 15. a4 Qb8 16. a5
Nc8 17. e5 c6 18. dxc6 $5 {There are many ways to develop the advantage in
this position.I just wanted to open lines.} (18. O-O $18) 18... bxc6 19. Qxb8
Rxb8 20. O-O-O Rb7 21. Rd2 g5 22. Rg1 $1 {A good piece of calculation.} gxf4
23. Bxf4 Kh8 24. Rgd1 $1 Nc5 (24... Rb4 25. Bg3 (25. Rxd7 Rxf4 26. Rd8 $18)
25... Bh6 26. f4 Rxf4 27. Kc2 $1 $18) 25. Rd8 Ne6 26. Rxf8+ Bxf8 27. Be3 Rc7
28. Bg4 $18 {Black is completely boxed.} 1-0

[Event "NED-ch59"]
[Site "Leeuwarden"]
[Date "2004.07.01"]
[Round "2"]
[White "Van Wely, Loek"]
[Black "L'Ami, Erwin"]
[Result "0-1"]
[WhiteElo "2651"]
[BlackElo "2478"]
[Annotator "Atlas,V"]
[PlyCount "52"]
[EventDate "2004.06.30"]
[EventType "tourn"]
[EventRounds "9"]
[EventCountry "NED"]
[EventCategory "12"]
[SourceTitle "CBM 102"]
[Source "ChessBase"]
[SourceDate "2004.09.23"]
[SourceVersion "1"]
[SourceVersionDate "2004.09.23"]
[SourceQuality "1"]

1. d4 Nf6 2. c4 g6 3. Nc3 d5 4. Nf3 Bg7 5. Qa4+ Bd7 6. Qb3 Bc6 7. e3 O-O 8. Ne5
a5 9. Nxc6 bxc6 10. Qb7 Na6 11. Qxc6 e5 12. dxe5 Nb4 13. Qa4 Ng4 14. cxd5 Bxe5
15. Be2 Qf6 16. Ne4 Qf5 17. f3 {Black obviously lost the opening battle.
Schwarz hat den Eröffnungskampf offensichtlich verloren.} Nxh2 18. a3 Nxd5 19.
g4 (19. f4 {was another winning continuation. war eine weitere
Gewinnfortsetzung}) 19... Qe6 20. f4 Bxf4 21. exf4 Nxg4 22. Bd2 Rfe8 23. O-O-O
Nge3 24. Ng5 Qf5 25. Rxh7 Nb4 26. Qb3 $4 ({A terrible blunder in a winning
position. White had several winning continuations in this position, e.g.: Ein
schrecklicher Bock in Gewinnstellung. In dieser Stellung hatte Weiß diverse
Siegesfortsetzunungen, z.B.} 26. axb4 axb4 27. Rdh1 Rxa4 28. Rh8+ Kg7 29. R1h7+
Kf6 30. Rxf7#) ({or} 26. Bxe3 Rxe3 27. Rxf7 Qc5+ 28. Kb1 Rxe2 29. axb4 {
, winning. und gewinnt.}) {[%tqu "En","White's last imprudent move has allowed
Black to conclude the game with a nice mate combination. Can you find it?",
"Try to deflect the enemy queen from protecting the c2-square.","Sacrifice
your knight!","b4a2","This knight sacrifice, which was obviously overlooked by
Van Wely, leads to a nice mate final.",4,"De","Der letzte sorglose Zug des
Weißen ermöglicht Schwarz, die Partie mit einer hübschen Mattkombination zu
beenden. Sehen Sie sie?","Versuchen Sie, die feindliche Dame von der Deckung
des Feldes c2 abzulenken.","Opfern Sie Ihren Springer!","b4a2","Dieses Opfer,
von Van Wely offensichtlich übersehen, führt zu einem schönen Mattfinale.",4]}
26... Na2+ $1 {[%csl Ga2,Rb3,Rc1,Rc2,Ge3,Gf5]} ({A nice game conclusion. White
resigned in view of Ein hübscher Partieschluss. Weiß gab sich geschlagen
angesichts von} 26... Na2+ 27. Qxa2 Qc2#) 0-1

[Event "RUS-ch sf 58th"]
[Site "Kazan"]
[Date "2005.09.06"]
[Round "4"]
[White "Iljushin, Alexei"]
[Black "Tseshkovsky, Vitaly"]
[Result "0-1"]
[WhiteElo "2531"]
[BlackElo "2599"]
[Annotator "Atlas,V"]
[PlyCount "76"]
[EventDate "2005.09.03"]
[EventType "swiss"]
[EventRounds "9"]
[EventCountry "RUS"]
[SourceTitle "CBM 109"]
[Source "ChessBase"]
[SourceDate "2005.11.14"]
[SourceVersion "1"]
[SourceVersionDate "2005.11.14"]
[SourceQuality "1"]

1. d4 Nf6 2. c4 g6 3. Nc3 d5 4. cxd5 Nxd5 5. Bd2 Bg7 6. e4 Nb6 7. Be3 O-O 8.
Be2 Nc6 9. Nf3 Bg4 10. d5 Bxf3 11. Bxf3 Ne5 12. Be2 Nec4 13. Bc1 c6 14. dxc6
bxc6 15. Qc2 Qd4 16. O-O Rfd8 17. a4 Na5 18. Rb1 Qb4 19. Bd1 c5 20. Bd2 Qc4 21.
Be1 Nc6 22. b3 Qe6 23. f4 Nb4 24. Qe2 Nd3 25. e5 c4 26. Ne4 Nxe1 27. Qxe1 Qd5
28. Kh1 Qd4 29. Bc2 Nd5 30. Rf3 Rab8 31. b4 $2 ({This careless move is
ruthlessly refuted by Black. After} 31. Rd1) ({or} 31. bxc4 {the chances are
equal.}) {[%tqu "En","White's last move allows for a nice refutation. How
should Black continue?","Exploit a weakness of White's back rank.","Use your
knight for the decisive blow!","d5b4","",5]} 31... Nxb4 $1 {[%csl Rb1,Gb4,Rd1,
Gd4,Gd8,Re1,Rh1]} (31... Rxb4 {is less efficient, as after} 32. Rd1 Qb6 33. Nd6
$1 {White retains counterchances. The text move yields Black a decisive
advantage.}) 32. Rxb4 (32. Bd1 Nd3 {is hopeless for White.}) 32... Rxb4 33. h4
({If} 33. Qxb4 {, then} Qd1+ {, with mate in three.} ({or} 33... Qa1+)) 33...
Rb2 34. Rc3 Bh6 35. g3 f5 36. exf6 exf6 37. Qe2 f5 38. Rxc4 Qd5 0-1

[Event "ISR-ch"]
[Site "Ramat Aviv/Modiin"]
[Date "2000.12.27"]
[Round "10"]
[White "Avrukh, Boris"]
[Black "Tseitlin, Mark D"]
[Result "1-0"]
[WhiteElo "2625"]
[BlackElo "2494"]
[Annotator "Avrukh,B"]
[PlyCount "61"]
[EventDate "2000.12.17"]
[EventType "tourn"]
[EventRounds "11"]
[EventCountry "ISR"]
[EventCategory "11"]
[SourceTitle "CBM 081"]
[Source "ChessBase"]
[SourceDate "2001.03.20"]
[SourceVersion "1"]
[SourceVersionDate "2001.03.20"]
[SourceQuality "1"]

1. Nf3 {Ftacnik} Nf6 2. c4 g6 3. Nc3 d5 4. cxd5 Nxd5 5. Qb3 Nb6 6. d4 Bg7 7.
Bg5 {In my opinion this line is very unpleasant for Grunfeld players.} O-O {
I think, after this move black's counterplay is very problematic and he should
play a litle bit passive position.} (7... a5 8. Rd1 a4 9. Qc2 O-O 10. e3 Nc6 (
10... a3 11. bxa3 Nc6 12. Nb5 $14) 11. a3 $1 Bf5 12. Bd3 Bxd3 (12... Be6 13.
Qe2 Bb3 14. Rc1 $14) 13. Rxd3 Qd7 14. O-O Na5 15. Ne4 $16 {1-0 Chuchelov,
V-Mohandesi,S/Cappelle la Grande 1999/CBM 70/[Chuchelov] (33)}) (7... Be6 $142
$5) (7... h6 $142 $5) 8. Rd1 Bg4 (8... c6 9. e4 (9. e3) 9... Bg4 (9... h6 10.
Be3 N8d7 11. Be2 Nf6 12. O-O Qc7 13. Ne5 (13. h3 $14) 13... Be6 14. Qc2 Nfd7
15. Nd3 $14 {1-0 Pelletier,Y-Khamrakulov,I/Anibal Open ESP 2001/The Week in
Chess 323 (64)}) 10. Be2 N8d7 11. O-O h6 12. Bh4 Qe8 {[%cal Ge7e5]} 13. a4 e5
14. d5 cxd5 15. exd5 g5 (15... e4 $142) 16. Bg3 f5 17. a5 Nc5 18. Qa3 Nbd7 19.
b4 Na6 20. h3 Bh5 21. Rfe1 {[%cal Gf3e5]} f4 22. Bh2 {[%csl Ge4]} Qg6 23. d6
Kh8 24. Bd3 Qe6 25. Be4 $16 {1-0 Gausel,E-Ledger,A/Bergen NOR 2000/The Week in
Chess 299 (42)}) (8... a5 $5) 9. e3 Nc6 $146 {Usually this place isn't so good
for black knight,but Mark comes with interesting idea.} (9... Bxf3 10. gxf3 Qd7
11. h4 e6 12. Bh3 {[%cal Gd4d5]} (12. h5 $142 $36) 12... Qc6 13. e4 Na6 14. h5
Qc4 $13 {1-0 Bonnmann,R-Krueger,A/Cologne GER 1998 (37)}) (9... N8d7 10. Be2 c6
11. O-O Nf6 12. e4 $1 Be6 13. Qc2 Bc4 14. Bxc4 Nxc4 15. Na4 Nb6 16. Nc5 $14 Qc7
17. Rfe1 Rfe8 18. Qb3 Nfd7 19. Nd3 Rad8 (19... e5 20. Ndxe5 Nxe5 21. Nxe5 Bxe5
22. dxe5 Qxe5 23. f4 $16) 20. Bf4 Qc8 21. Rc1 Qa8 22. a4 $1 $16 {[%cal Ga4a5]
1-0 Horvath,J-Leko,P/Budapest 1993/CBM 37/[Ribli] (46)}) 10. Be2 Qe8 {[%cal
Ge7e5]} (10... a5 {Ftacnik} 11. O-O $14) 11. d5 (11. O-O e5 12. d5 e4 $1 {
Key move in black idea} 13. dxc6 (13. Nxe4 Qxe4 14. dxc6 Qxc6 15. Nd4 Qc5 $11 {
[%cal Gc5g5]}) 13... exf3 14. gxf3 (14. cxb7 fxe2 15. bxa8=Q exf1=R+ 16. Rxf1
Qxa8) 14... Be6) 11... Ne5 (11... Bxf3 {Ftacnik} 12. Bxf3 Ne5 13. Be2 $14) 12.
Nb5 $1 {'?!' Ftacnik.} (12. Nxe5 $143 Bxe2 13. Nxe2 (13. Nxg6 $2 Bxd1 $19)
13... Bxe5 14. Bh6 Bg7 15. Bxg7 Kxg7 16. Qc3+ (16. O-O c6 $11) 16... Kg8 17.
Qxc7 Qb5 $1 $132 {[%csl Ge1]} 18. Qxb7 (18. Qxe7 {Ftacnik} Nxd5 19. Qa3 $16)
18... Qb4+ (18... Qxb2 19. Qxe7 Rfd8 20. Nf4 Qc3+ 21. Ke2 Qc4+ 22. Kf3 Nxd5
$132) 19. Kf1 Rfd8 $44) 12... Qd8 13. Rd2 $5 {/\14Ne5-Be215Ng6!} (13. O-O Nxf3+
14. gxf3 Bh3 15. Rfe1 Qd7 $14) 13... Nxf3+ {'?!' Ftacnik.} (13... Nbc4 $5 {
Fritz} 14. Rd4 $1 (14. Bxc4 Bxf3 $13 (14... Bxf3 {Ftacnik} 15. O-O Qd7 16. h3
c6 $11)) (14. Rc2 Bxf3 15. gxf3 c6 $15) 14... Bxf3 (14... Nxf3+ 15. gxf3 Na5
16. Qc3 Bxd4 17. Qxd4 (17. Nxd4 $143 Qxd5 $13) 17... Bd7 18. Bh6 f6 19. Bxf8
Kxf8 20. b4 $18) 15. gxf3 Nd6 16. Nc3 $14) 14. gxf3 Bd7 15. Nc3 Rb8 {[%cal
Gb6c8,Gc8d6] '?' Ftacnik. Ftacnik: 'Black was probably not aware of the
serious nature of his upcoming problems, the rook move only enhances white
tactical chances.'} (15... c6 16. dxc6 (16. d6 Bf6 17. Bxf6 exf6 18. e4 f5 19.
h4 Re8 $13) (16. e4 cxd5 17. Nxd5 Nxd5 18. Rxd5 Qe8 $11) 16... bxc6 17. Qa3 (
17. O-O) 17... f6 (17... Re8 18. O-O $14) 18. Bh4 $14) (15... Re8 {Ftacnik} 16.
h4 h6 17. Bf4 e5 $13) 16. h4 $1 {[%cal Gh4h5]} h6 (16... h5 17. e4 Nc8 18. Be3
{[%csl Ga7]} b6 19. f4 Nd6 20. Qc2 $36 {[%cal Gf4f5]}) 17. Bf4 Nc8 18. h5 g5
19. Bh2 Nd6 20. f4 f5 $2 {Looks very logical,but i was lucky to find a
beutiful idea and to break through black defence.} (20... gxf4 $142 21. Bxf4
Kh8 22. e4 (22. Qa3 $2 b5 $36 {[%cal Gb5b4]}) (22. Qb4 $143 b6 23. e4 a5 24.
Qa3 b5 $1) 22... e5 23. dxe6 fxe6 (23... Bxe6 24. Qa3 Qf6 25. Be3 $16 {[%cal
Gf2f4]}) 24. Be3 (24. Bxd6 $2 cxd6 25. Rxd6 Qe7 $17 {[%csl Ge1,Gg7]}) 24... b6
25. Rg1 Qe7 $14) 21. fxg5 hxg5 22. Rg1 (22. h6 $1 {Ftacnik} Bf6 23. e4 fxe4 24.
Nxe4 $18) 22... Bf6 (22... g4 23. f3 $16) 23. e4 $3 $16 {[%mdl 64]} (23. Bf4
Kh7 24. Bxg5 Rg8 25. f4 Nf7 $13) 23... fxe4 (23... Nf7 24. f4 g4 25. e5 Bh4+
26. Kd1 Nh6 27. Rh1 $18 {[%csl Gh4][%cal Gh2g1]}) 24. Nxe4 $3 {[%csl Gg8]} Kh8
(24... Nxe4 25. d6+ e6 (25... Kh8 26. dxc7 Nxd2 27. Qd3 $1 (27. Kxd2 $2 Be6+
$17) (27. cxd8=Q $143 Rbxd8 (27... Nxb3 28. Qxd7 $18) 28. Qxb7 (28. Qe3 Bc6
$132) 28... Bf5 $132) 27... Bc6 28. cxb8=Q Nf3+ 29. Bxf3 Qa5+ 30. Kf1 Rxb8 31.
Bxc6 (31. Bxb8 $4 Bb5 $19) 31... Rd8 32. Qb5 {and white wins}) 26. dxc7 Nxd2
27. Qc2 (27. Qd3 $18) 27... Qe7 28. cxb8=Q Rxb8 29. Bxb8 $18 {[%csl Gd2]}) 25.
Nxg5 Bf5 (25... Rg8 26. Qe3 Qe8 27. Be5 $18) 26. Qe3 $18 Rg8 (26... Bg7 27. Be5
$18) (26... Qe8 $142 27. Ne6 Rg8 28. Qh6+ Bh7 29. Rxg8+ Qxg8 30. Bd3 Bg7 31.
Nxg7 Qxg7 32. Qe6 $18 {[%cal Gh2e5]}) 27. Bxd6 Bxg5 28. Rxg5 exd6 29. Rxf5 Rg1+
30. Bf1 Qh4 31. Rd4 1-0

[Event "EU-ch 12th"]
[Site "Aix les Bains"]
[Date "2011.03.25"]
[Round "4"]
[White "Feller, Sebastien"]
[Black "Jansa, Vlastimil"]
[Result "1-0"]
[WhiteElo "2657"]
[BlackElo "2513"]
[Annotator "Avrukh,B"]
[PlyCount "69"]
[EventDate "2011.03.22"]
[EventType "swiss"]
[EventRounds "11"]
[EventCountry "FRA"]
[SourceTitle "CBM 142 Extra"]
[Source "ChessBase"]
[SourceDate "2011.06.27"]
[SourceVersion "1"]
[SourceVersionDate "2011.06.27"]
[SourceQuality "1"]
[TimeControl "40/5400+30:1800+30"]

1. d4 Nf6 2. c4 g6 3. Nc3 d5 4. Nf3 Bg7 5. Qa4+ Bd7 6. Qb3 dxc4 7. Qxc4 O-O 8.
Bf4 Na6 9. e4 c5 10. e5 Nh5 11. Be3 cxd4 12. Qxd4 Bc6 {'The main continuation
in this line, which has been always considered pretty harmless for Black, but
in the present encounter Feller came up with a new idea, which seems to me
quite problematic for Black.'} 13. Be2 Qc7 {Avrukh,B: 'For alternatives'} (
13... Bxf3 {'see examples in my survey.'} 14. Bxf3 Qxd4 15. Bxd4 Nb4 16. O-O-O
Nf4 17. Kb1 Ne6 18. Be3 Bxe5 19. Rd7 Nc6 20. Rhd1 Rab8 21. Na4 Rfc8 22. Rc1
Ned4) (13... Qa5 {(Avrukh,B) and}) 14. O-O $146 {A very simple novelty.'} ({
Before White played only} 14. Qh4 Bxe5 15. Nxe5 Qxe5 16. O-O-O (16. O-O {
would be stronger, but here too Black is absolutely fine after} Ng7 17. Bf4 {
and now even} Nf5 ({Certainly} 17... Qd4 $5 18. Rad1 Qb4 {comes into
consideration}) 18. Qxh7+ Kxh7 19. Bxe5 f6 20. Bf4 e5 $11) 16... Nc7 (16... Ng7
$1 $146 {A clear improvement over 16...Nc7.} 17. Bf4 Qe6 (17... Nf5 18. Qxh7+
Kxh7 19. Bxe5 f6 $15) 18. Bg4 Nf5 $17) 17. Rhe1 Ne6 18. Bxh5 Qxh5 19. Qxh5 gxh5
20. Nd5 {'©'} Rfe8 21. Bh6 Kh8 22. Bd2 Rac8 ({RR} 22... Kg7) 23. Bc3+ Kg8 24.
Re5 Bxd5 25. Rexd5 Red8 26. Rxh5 f6 27. Rxd8+ Rxd8 28. Rh4 Rd7 {Grigoriants,S 
(2553)-Esen,B (2287)/Warsaw 2005/CBM 108/1-0 (62)}) 14... Bxf3 ({Another
critical line is} 14... Rfd8 15. Qh4 (15. Qc4 Bxf3 16. Qxc7 Nxc7 17. Bxf3 Bxe5
18. Rad1 Nf4 $11) 15... Bxe5 16. Nxe5 Qxe5 17. Rfe1 $44) 15. Bxf3 Bxe5 16. Qe4
$44 {[%csl Ra6,Rb7,Ge3,Gf3,Rh5]} Nc5 (16... Bxh2+ 17. Kh1 Bd6 18. g4 Nf6 19.
Qxb7 Qc4 $13 {[%cal Gc4a6,Gf6g4]}) (16... Bxc3 {runs into} 17. Rac1 (17. bxc3
Nc5 18. Qb4 Rac8 19. Bxh5 gxh5 20. Rad1 $14) 17... Nf6 18. Qh4 Nb4 19. Rxc3 Nc6
20. b4 {with nice compensation.}) 17. Qb4 $1 Nd3 18. Qb3 Bxc3 (18... Nxb2 {
Avrukh,B} 19. Nd5 Qd7 20. Bh6 $1 $14) ({Probably the best for Black would be} 
18... Nc5 {Avrukh,B} 19. Qa3 $5 Bxh2+ 20. Kh1 Bd6 21. Nd5 Qc8 22. Rfd1 $44) 19.
Qxc3 Qxc3 20. bxc3 Rac8 21. Bxa7 $1 {[%csl Ga7,Gf3]} Rxc3 22. a4 $6 {[%cal
Ga4a8,Gf3b7]} ({The most dangerous for Black would be} 22. Rfb1 $142 $1 $14 {
Avrukh,B}) 22... Rd8 $2 (22... Ra8 23. Bb6 Nc5 24. Bxc5 Rxc5 25. Bxb7 Ra7 {
was an easy draw.}) 23. Rfb1 $1 $16 {'Now the endgame is difficult for Black,
as it's very hard for him to stop White's a-pawn.'} Nhf4 24. a5 e5 25. Be3 (25.
Rxb7 {[%csl Ga5]}) 25... Nc5 (25... Nd5 26. Bxd5 (26. Rxb7 Nxe3) 26... Rxd5 27.
Rxb7 Nc5) 26. Bxc5 Rxc5 27. Bxb7 Ne2+ 28. Kf1 Nc3 29. Rc1 Rc7 30. a6 $18 {
[%csl Ga6]} Nb5 31. Rxc7 Nxc7 32. a7 Na8 33. Ke2 Kg7 34. Bxa8 Rxa8 35. Kd3 1-0